| 000 | 00527nam a22001697a 4500 | ||
|---|---|---|---|
| 003 | BD-ChCU | ||
| 005 | 20260426135447.0 | ||
| 008 | 260426b bg ||||| |||| 00| 0 ben d | ||
| 040 | _cBD-ChCU | ||
| 082 | _a177 TIR | ||
| 100 |
_aTitus, Harold H. and Keeton, Morris T. _921952 |
||
| 245 |
_aThe range of ethics : _bintroductory readings East-West Students.// _cH. Titus, Harold and T. Keeton, Morris. |
||
| 260 |
_aNew Delhi. _bA, E. - W. Press. _c1972 |
||
| 300 | _ax, 418p | ||
| 650 | 0 |
_bEthics. _921954 |
|
| 942 |
_2ddc _cBK _n0 |
||
| 999 |
_c112450 _d112450 |
||